Active methods of teaching engineering students; Journal of International Scientific Publication: Educational Alternatives; Vol. 10, pt. 4

Chi tiết về thư mục
Parent link:Journal of International Scientific Publication: Educational Alternatives.— , 2012
Vol. 10, pt. 4.— 2012.— P. 228-243
Tác giả chính: Lisichko E. V. Elena Vladimirovna
Tác giả khác: Larionov V. V. Vitaliy Vasilyevich, Lider A. M. Andrey Markovich
Tóm tắt:Материалы III Международной конференции "Образование, исследования и развитие", Солнечный берег, Болгария, 7-11 сентября 2012 г.
В фонде НТБ ТПУ отсутствует
Ngôn ngữ:Tiếng Anh
Được phát hành: 2012
Những chủ đề:
Định dạng: MixedMaterials Chương của sách
KOHA link:https://koha.lib.tpu.ru/cgi-bin/koha/opac-detail.pl?biblionumber=598822

MARC

LEADER 00000naa0a2200000 4500
001 598822
005 20250712062927.0
035 |a (RuTPU)RU\TPU\tpu\22620 
035 |a RU\TPU\tpu\22619 
090 |a 598822 
100 |a 20130203d2012 k||y0rusy50 ba 
101 0 |a eng 
102 |a BG 
200 1 |a Active methods of teaching engineering students  |f E. V. Lisichko, V. V. Larionov, A. M. Lider 
300 |a Материалы III Международной конференции "Образование, исследования и развитие", Солнечный берег, Болгария, 7-11 сентября 2012 г. 
320 |a References: p. 243 (10 tit.) 
333 |a В фонде НТБ ТПУ отсутствует 
461 |t Journal of International Scientific Publication: Educational Alternatives  |d 2012 
463 |t Vol. 10, pt. 4  |v P. 228-243  |d 2012 
610 1 |a труды учёных ТПУ 
700 1 |a Lisichko  |b E. V.  |c physicist  |c Associate Professor of Tomsk Polytechnic University, Candidate of pedagogical sciences  |f 1972-  |g Elena Vladimirovna  |3 (RuTPU)RU\TPU\pers\31444  |9 15606 
701 1 |a Larionov  |b V. V.  |c physicist  |c Professor of Tomsk Polytechnic University, Doctor of Pedagogical Sciences  |f 1945-  |g Vitaliy Vasilyevich  |3 (RuTPU)RU\TPU\pers\30307  |4 070  |9 14653 
701 1 |a Lider  |b A. M.  |c Physicist  |c Professor of Tomsk Polytechnic University, Doctor of Technical Sciences  |f 1976-2025  |g Andrey Markovich  |y Tomsk  |9 14743 
801 1 |a RU  |b 63413507  |c 20130203 
801 2 |a RU  |b 63413507  |c 20131102  |g RCR 
942 |c CR